An informational guide for roadway lighting / (Record no. 528298)
[ view plain ]
| 000 -LEADER | |
|---|---|
| fixed length control field | 01514cam a22002897a 4500 |
| 001 - CONTROL NUMBER | |
| control field | 13978266 |
| 003 - CONTROL NUMBER IDENTIFIER | |
| control field | NUST |
| 005 - DATE AND TIME OF LATEST TRANSACTION | |
| control field | 20190905104703.0 |
| 008 - FIXED-LENGTH DATA ELEMENTS--GENERAL INFORMATION | |
| fixed length control field | 050523s1984 dcua b 000 0 eng d |
| 010 ## - LIBRARY OF CONGRESS CONTROL NUMBER | |
| LC control number | 2005298087 |
| 035 ## - SYSTEM CONTROL NUMBER | |
| System control number | (OCoLC)ocm12061861 |
| 038 ## - RECORD CONTENT LICENSOR | |
| Staff Name | MSOHAIL |
| 040 ## - CATALOGING SOURCE | |
| Original cataloging agency | TRL |
| Transcribing agency | TRL |
| Modifying agency | ILU |
| -- | DLC |
| 042 ## - AUTHENTICATION CODE | |
| Authentication code | lccopycat |
| 050 00 - LIBRARY OF CONGRESS CALL NUMBER | |
| Classification number | TK4188 |
| Item number | .A48 1984 |
| 082 00 - DEWEY DECIMAL CLASSIFICATION NUMBER | |
| Classification number | 628.95 |
| Edition number | 22 |
| Author Mark | AAS |
| 110 2# - MAIN ENTRY--CORPORATE NAME | |
| Corporate name or jurisdiction name as entry element | American Association of State Highway and Transportation Officials. |
| Subordinate unit | Joint Task Force for Highway Lighting. |
| 9 (RLIN) | 20006 |
| 245 13 - TITLE STATEMENT | |
| Title | An informational guide for roadway lighting / |
| Statement of responsibility, etc. | prepared by the Joint Task Force for Highway Lighting of the AASHTO Highway Subcommittees on Design and Traffic Engineering. |
| 260 ## - PUBLICATION, DISTRIBUTION, ETC. | |
| Place of publication, distribution, etc. | Washington, D.C. : |
| Name of publisher, distributor, etc. | American Association of State Highway and Transportation Officials, |
| Date of publication, distribution, etc. | 1984. |
| 300 ## - PHYSICAL DESCRIPTION | |
| Extent | 36 p. : |
| Other physical details | ill. ; |
| Dimensions | 28 cm. |
| 504 ## - BIBLIOGRAPHY, ETC. NOTE | |
| Bibliography, etc. note | Includes bibliographical references (p. 34-36). |
| 505 0# - FORMATTED CONTENTS NOTE | |
| Formatted contents note | Introduction -- Visibility and quality of roadway lighting -- Freeways -- Streets and highways, other than freeways, and walkways and bicycle lanes -- High mast lighting -- Tunnels and underpasses -- Roadway safety rest areas -- Roadway sign lighting -- Mantenance considerations in roadway lighting design. |
| 650 #0 - SUBJECT ADDED ENTRY--TOPICAL TERM | |
| Topical term or geographic name entry element | Roads |
| General subdivision | Lighting. |
| 9 (RLIN) | 20007 |
| 906 ## - LOCAL DATA ELEMENT F, LDF (RLIN) | |
| a | 7 |
| b | cbc |
| c | copycat |
| d | 2 |
| e | ncip |
| f | 20 |
| g | y-gencatlg |
| 942 ## - ADDED ENTRY ELEMENTS (KOHA) | |
| Source of classification or shelving scheme | |
| Koha item type | Book |
| Withdrawn status | Lost status | Source of classification or shelving scheme | Damaged status | Not for loan | Permanent Location | Current Location | Date acquired | Total Checkouts | Full call number | Barcode | Date last seen | Price effective from | Koha item type |
|---|---|---|---|---|---|---|---|---|---|---|---|---|---|
| School of Civil and Environmental Engineering (SCEE) | School of Civil and Environmental Engineering (SCEE) | 09/05/2019 | 628.95 AAS | NIT-10353 | 09/05/2019 | 09/05/2019 | Book |
